00901nam a22002057a 4500003000400000005001700004008004100021040001800062100003800080245013500118260002000253650002900273650005200302650005800354700003500412856007800447942001300525999001900538952013800557OSt20240529143520.0240529b ||||| |||| 00| 0 eng d cAIMIT LIBRARY aRasal, Muhammed.e20160869168412 aEmployee perception on performance appraisal system at veegaland developers pvt ltd /cBy Muhammed Rasal ;Guided by Rowena Wright. aKerala ;c2022. aIndustry profile9168413 aIdentification of variables under study9168414 aStatistical tools and techniques for analysis9168415 aWright, Rowena.eGuide9168416 3Veegaland Developers Private Limited.umail@veegland.inymail@veegland.in 2ddccPRO c230957d230957 00102ddc40708PR_MBAaAIMITbAIMITcPRBd2024-05-29l0pPRB01938r2024-05-29 00:00:00t2016086umail@veegaland.inw2024-05-29yPRO